| 000 | 01098nam a22002777a 4500 | ||
|---|---|---|---|
| 003 | dpl | ||
| 005 | 20180713151405.0 | ||
| 008 | 180713b xxu||||| |||| 00| 0 eng d | ||
| 010 | _aA-774126 | ||
| 020 |
_c200.00 _a817315158 |
||
| 035 | _aA-774126, A-774156 | ||
| 037 | _bCen Lib/Ret | ||
| 040 |
_aDPL _bHN _c0 |
||
| 082 |
_aउ _bवर्मावृं |
||
| 100 |
_aवर्मा, वृंदावनलाल _99690 |
||
| 245 |
_aभुवनविक्रम / _cवृंदावनलाल वर्मा |
||
| 246 |
_aBhuvanvikram / _bby Vrindavanlal Verma |
||
| 260 |
_aनई दिल्ली _bप्रभात प्रकाशन _c1996 |
||
| 270 |
_a4/19, आसफ अली रोड _bनई दिल्ली _e110002 |
||
| 300 |
_a254पृ. _c20सेमी(सजिल्द ) |
||
| 650 |
_aहिंदी साहित्य _x _z _967430 |
||
| 650 |
_aहिंदी -- उपन्यास _967431 |
||
| 650 |
_aHindi literature _v _967432 |
||
| 650 |
_aHindi -- Fiction _927248 |
||
| 942 |
_2ddc _cHN _hउ _mवर्मावृं |
||
| 999 |
_c116619 _d116619 |
||